Die größten Städte Deutschlands mit S - Statistiken

Allgemein
  • Dieses Quiz wurde 393 mal gespielt
  • Das Durchschnittsergebnis liegt bei 7 aus 13
Antwortstatistiken
Bundesland Stadt % Korrekt
Baden-Württemberg Stuttgart
98%
Saarland Saarbrücken
93%
Mecklenburg-Vorpommern Schwerin
84%
Nordrhein-Westfallen Solingen
70%
Bayern Schweinfurt
64%
Niedersachsen Salzgitter
59%
Rheinland-Pfalz Speyer
48%
Thüringen Suhl
48%
Schleswig-Holstein Schleswig
41%
Sachsen-Anhalt Stendal
33%
Brandenburg Schwedt (Oder)
18%
Sachsen Schkeuditz
7%
Hessen Stadtallendorf
5%
Keine übereinstimmenden Quizze gefunden
Verteilung der Resultate
Anzahl Personen mit jedem Resultat
Perzentil nach korrekt beantworteten Fragen
Ihre Resultats-Entwicklung
Sie haben dieses Quiz noch nicht gespielt